Estas locomotoras necesitan frenos: (Registro nro. 20060)

Detalles MARC
000 -CABECERA
Campo de control 00990nam a22002897a 4500
005 - FECHA Y HORA DE LA ULTIMA TRANSACCION
Campo de control 20191224042344.0
008 - ELEMENTOS DE LONGITUD FIJA—INFORMACION GENERAL
Campo de control 180103b 2012ck ||||| |||| 00| 0 spa d
020 ## - ISBN
ISBN 9789585774506
040 ## - FUENTE DE CATALOGACIÓN
Agencia catalogadora original CO-BoIAVH
Agencia transcriptora CO-BoIAVH
041 ## - IDIOMA
Código de idioma para texto/pista de sonido o título separado Español
044 ## - PAÍS DE PUBLICACIÓN
País de publicación Colombia
082 ## - NUMERO DE CLASIFICACION DECIMAL DEWEY
Número de clasificación 341.42
Número del ítem M29e
100 ## - ASIENTO PRINCIPAL--NOMBRE PERSONAL
Nombre personal Mantilla Quijano, Alejandro
9 (RLIN) 88327
245 10 - MENCION DE TITULO
Título Estas locomotoras necesitan frenos:
Parte restante del título entre los espacios basura y el mandato popular
260 ## - PUBLICACION, DISTRIBUCION, ETC. (PIE DE IMPRENTA)
Lugar de publicación, distribución, etc. Bogotá:
Nombre del editor, distribuidor, etc. Corporación para la Educación, el Desarrollo y la Investigación Popular, Instituto Nacional Sindical (CEDINS.)
Fecha de publicación, distribución, etc. 2012.
300 ## - DESCRIPCION FISICA
Extensión 61 páginas
Otros detalles físicos fotografías a color
Dimensiones 21 x 14cm
650 14 - ASIENTO SECUNDARIO DE MATERIA - TERMINO TEMATICO
Término temático o nombre geográfico como elemento de entrada Territorio
Subdivisión general Disputa
9 (RLIN) 88336
650 14 - ASIENTO SECUNDARIO DE MATERIA - TERMINO TEMATICO
Término temático o nombre geográfico como elemento de entrada Restitución
Subdivisión general Tierras
9 (RLIN) 88337
650 14 - ASIENTO SECUNDARIO DE MATERIA - TERMINO TEMATICO
Término temático o nombre geográfico como elemento de entrada Inversionistas
9 (RLIN) 88330
650 14 - ASIENTO SECUNDARIO DE MATERIA - TERMINO TEMATICO
Término temático o nombre geográfico como elemento de entrada Minería
9 (RLIN) 88338
650 14 - ASIENTO SECUNDARIO DE MATERIA - TERMINO TEMATICO
Término temático o nombre geográfico como elemento de entrada Alto Atrato
9 (RLIN) 88332
650 14 - ASIENTO SECUNDARIO DE MATERIA - TERMINO TEMATICO
Término temático o nombre geográfico como elemento de entrada Chocó
9 (RLIN) 124
650 14 - ASIENTO SECUNDARIO DE MATERIA - TERMINO TEMATICO
Término temático o nombre geográfico como elemento de entrada Arauca
9 (RLIN) 88334
650 14 - ASIENTO SECUNDARIO DE MATERIA - TERMINO TEMATICO
Término temático o nombre geográfico como elemento de entrada Catatumbo
9 (RLIN) 88335
650 14 - ASIENTO SECUNDARIO DE MATERIA - TERMINO TEMATICO
Término temático o nombre geográfico como elemento de entrada Sur de Bolívar
9 (RLIN) 73356
942 ## - ELEMENTOS ADICIONALES (KOHA)
Sistema de clasificación Dewey Decimal Classification
Tipo de ítem Libro
Existencias
Withdrawn status Lost status Sistema de Clasificación Damaged status No para préstamo Colección Ubicación Permanente Ubicación actual Fecha de adquisición Total Checkouts Número topográfico Inventario / Código de Barras Date last seen Ejemplar Price effective from Forma de adquisición Tipo de material
    Dewey Decimal Classification     General Bogotá Bogotá 03/01/2018   LB-341.42 M29e 043385 03/01/2018 Ej. 1 03/01/2018 Donación Libro